Hamvasztás. - IX. (1915) 4-6. sz.
Elmentve itt :
| Dokumentumtípus: | Folyóirat |
|---|---|
| Megjelent: |
1915
|
| Sorozat: | Hamvasztás : a fakultatív halotthamvasztás eszméjét terjesztő folyóirat
9 No. 4-6 |
| Online Access: | http://misc.bibl.u-szeged.hu/16513 |
| LEADER | 00509nas a2200133 i 4500 | ||
|---|---|---|---|
| 001 | misc16513 | ||
| 005 | 20191106143443.0 | ||
| 008 | 170616s1915 hu o 0|| zxx d | ||
| 040 | |a SZTE Miscellanea Repozitórium |b hun | ||
| 041 | |a zxx | ||
| 245 | 0 | 0 | |a Hamvasztás. - IX. (1915) 4-6. sz. |h [elektronikus dokumentum] |
| 260 | |c 1915 | ||
| 490 | 0 | |a Hamvasztás : a fakultatív halotthamvasztás eszméjét terjesztő folyóirat |v 9 No. 4-6 | |
| 856 | 4 | 0 | |u http://misc.bibl.u-szeged.hu/16513/1/hamvasztas_009_004_006.pdf |z Dokumentum-elérés |